5HLuxD.jpg

KING HENRY VIII SENIOR AND PRIMARY SCHOOL LIBRARY OPAC

The world is flat : (Record no. 4194)

000 -LEADER
fixed length control field 01614cam a2200337 a 4500
001 - CONTROL NUMBER
control field 01619776
003 - CONTROL NUMBER IDENTIFIER
control field OSt
005 - DATE AND TIME OF LATEST TRANSACTION
control field 20250124091455.0
008 - FIXED-LENGTH DATA ELEMENTS--GENERAL INFORMATION
fixed length control field 060802s2006 enk 001 0 eng d
020 ## - INTERNATIONAL STANDARD BOOK NUMBER
International Standard Book Number 0141022728 (pbk.)
024 3# - OTHER STANDARD IDENTIFIER
Standard number or code 9780141022727 (pbk.)
040 ## - CATALOGING SOURCE
Original cataloging agency KUASL
Language of cataloging eng
Transcribing agency TL
Description conventions AACR2
Modifying agency NCHU
-- KH8
041 0# - LANGUAGE CODE
Language code of text/sound track or separate title eng
042 ## - AUTHENTICATION CODE
Authentication code nbic
082 0# - DEWEY DECIMAL CLASSIFICATION NUMBER
Classification number 303.4833 FRI
Item number F914
100 1# - MAIN ENTRY--PERSONAL NAME
Personal name Friedman, Thomas L.
Relator term author.
245 14 - TITLE STATEMENT
Title The world is flat :
Remainder of title the globalized world in the Twenty-First Century /
Statement of responsibility, etc. Thomas L. Friedman.
250 ## - EDITION STATEMENT
Edition statement Updated and expanded ed.
260 ## - PUBLICATION, DISTRIBUTION, ETC.
Place of publication, distribution, etc. London :
Name of publisher, distributor, etc. Penguin Books,
Date of publication, distribution, etc. c2006.
300 ## - PHYSICAL DESCRIPTION
Extent viii, 600 p. ;
Dimensions 20 cm.
500 ## - GENERAL NOTE
General note Includes index.
500 ## - GENERAL NOTE
General note Previous ed.: London: Allen Lane, 2005.
505 0# - FORMATTED CONTENTS NOTE
Formatted contents note How the world became flat -- While I was sleeping -- The ten forces that flattened the world -- The triple convergence -- The great sorting out -- America and the flat world -- America and free trade -- The untouchables -- The right stuff -- The quiet crisis -- This is not a test -- Developing countries and the flat world -- The Virgin of Guadalupe -- Companies and the flat world -- How companies cope -- Geopolitics and the flat world -- The unflat world -- Globalization of the local -- The Dell theory of conflict prevention -- Conclusion: imagination -- 11/9 versus 9/11.
650 #0 - SUBJECT ADDED ENTRY--TOPICAL TERM
Topical term or geographic name entry element Diffusion of innovations.
650 #0 - SUBJECT ADDED ENTRY--TOPICAL TERM
Topical term or geographic name entry element Information society.
650 #0 - SUBJECT ADDED ENTRY--TOPICAL TERM
Topical term or geographic name entry element Globalization
General subdivision Social aspects.
650 #0 - SUBJECT ADDED ENTRY--TOPICAL TERM
Topical term or geographic name entry element Globalization
General subdivision Economic aspects.
650 00 - SUBJECT ADDED ENTRY--TOPICAL TERM
Topical term or geographic name entry element Information society.
650 00 - SUBJECT ADDED ENTRY--TOPICAL TERM
Topical term or geographic name entry element Diffusion of innovations.
942 ## - ADDED ENTRY ELEMENTS (KOHA)
Source of classification or shelving scheme
Koha item type Books - Non Ficton
Holdings
Withdrawn status Lost status Source of classification or shelving scheme Damaged status Not for loan Collection code Permanent Location Current Location Shelving location Date acquired Full call number Barcode Date last seen Price effective from Koha item type
          Non-Fiction KH8 Senior School Library KH8 Senior School Library Non Fiction 2025-01-24 303.4833 FRI 3KHSL000102139 2025-01-24 2025-01-24 Books - Non Ficton

Powered By KH8 IT Dept